| 000 | 00776nab a2200313Ia 4500 | ||
|---|---|---|---|
| 001 | 223 | ||
| 008 | 191123s9999 xx 000 0 und d | ||
| 041 | _aspa | ||
| 044 | _aag | ||
| 100 | _aUribe, Basilio, | ||
| 245 | 0 | _aLa contribución del diseño industrial a la estética del siglo XX | |
| 260 |
_aBuenos Aires : _bAcademia Nacional de Bellas Artes, _c1975. |
||
| 300 |
_app. 22-32 _bilus. b/n |
||
| 650 | _aDISEÑO INDUSTRIAL | ||
| 650 | _aESTETICA | ||
| 650 | _aSIGLO XX | ||
| 710 | _aAcademia Nacional de Bellas Artes | ||
| 902 | _aS | ||
| 903 | _aa | ||
| 904 | _aas | ||
| 907 | _aImpreso | ||
| 911 | _ailus. b/n | ||
| 912 | _a1975 | ||
| 920 | _an. 3 | ||
| 942 | _cANALITICA | ||
| 999 |
_c12055 _d12055 |
||
| 490 | 0 | _aAnuario, ANBA | |
| 550 | _ailus. b/n | ||